| 000 | 00849nam a22002297a 4500 | ||
|---|---|---|---|
| 999 |
_c11878 _d11878 |
||
| 003 | AR-CdUCM | ||
| 008 | 190405b ||||| |||| 00| 0 spa d | ||
| 040 |
_aMUNICIPALIDAD PROVINCIAL DEL CUSCO _cBIBLIOTECA MUNICIPAL DEL CUSCO |
||
| 082 |
_a347 / _bE41 /1888 |
||
| 100 |
_aElmore, Alberto A. _927291 |
||
| 245 | _aTratado de derecho comercial | ||
| 260 |
_aLima : _bImprenta, Liberia Masías, _c1888. |
||
| 300 |
_a865 paginas ; _c21 cm. |
||
| 500 | _aDedicatoria. | ||
| 505 | _aContenido : Noción jurídica del comercio -- Del derecho comercial -- Sus cualidades y necesidades -- Fuentes del derecho comercial -- Calificación de los comerciantes... | ||
| 650 |
_aTratado comercial _929469 |
||
| 650 |
_aDerecho _9739 |
||
| 650 |
_aContrato _99377 |
||
| 650 |
_aLetras de cambio _929470 |
||
| 942 |
_2ddc _cLIBROS |
||
| 945 |
_awnts _d2019-04-05 |
||